Statistics for 1950 year quiz

Click here to take the quiz!

General Stats

  • This quiz has been taken 38 times
  • The average score is 6 of 10

Answer Stats

HintAnswer% Correct
Mao annexes this mountainous countryTibet
97%
The Communist north invades the south of this peninsulaKorea
94%
Last Kuomintang troops relocate here after surrender in ChinaTaiwan
86%
This man sets up the damaging House Un-American Activities CommitteeJoseph McCarthy
83%
The Maracana stadium is opened in this city ahead of a World CupRio de Janeiro
77%
East German authorities set up this sinister internal organisationStasi
71%
This scientist proposes a test for intelligence in machinesAlan Turing
54%
Marilyn Monroe first appears in this Oscar winner about Hollywood backstabbingAll About Eve
17%
Australian scientists introduce this controversial method of rabbit controlMyxomatosis
17%
This scientist is tried for passing nuclear secrets to MoscowKlaus Fuchs
6%

Score Distribution

Percentile by Number Answered

Percent of People with Each Score

Your Score History

You have not taken this quiz